Granada: terrorismo USA en acción

محفوظ في:
التفاصيل البيبلوغرافية
مؤلف مشترك: Agencia de prensa Novósti
التنسيق: نص
منشور في: Moscú: Agencia de Prensa Nóvosti
الوسوم: إضافة وسم
لا توجد وسوم, كن أول من يضع وسما على هذه التسجيلة!

MARC

LEADER 00000 a a2200000 04500
001 25000
003
040 |a CRAI/IIS  |c CRAI/IIS 
090 |a 176900  
110 |a Agencia de prensa Novósti  
245 |a Granada: terrorismo USA en acción  
260 |a Moscú:   |b Agencia de Prensa Nóvosti  
300 |a 104 p.   |b il.   |b map.  
999 |c 3962  |d 3962